MDQL
is popping MORE tags! Check the
thread
!
Quizzes
Events
Quiz Creation
Community
Videos
Private Events
Remove Ads
Sign In
Join for FREE
Feedback
Dark Mode
Quiz Categories
Sports
Geography
Music
Movies
Television
Just For Fun
Miscellaneous
History
Literature
Language
Science
Gaming
Entertainment
Religion
Holiday
For Kids
Quiz Lab
Recent
Popular Today
Quiz Kudos Today
Editor Picks
Curator Picks
Quizzes by...
Day
Popularity
Type
Ratings
Length
Year
Community
Subscriptions
Recent Discussions
Orange Saloon
Badges
Playlists
Quests
Create
Leaderboards
Showdown
Live 5
Trivia Bingo
Activity
Puzzle Library
Sporcle Events
Private Events
Virtual Trivia
Globe League
Become a Host
Pub Owners
SporcleCon
Opinionation
Our Games
Videos
Blog
Mobile Apps
Partnerships
Remove Ads and Go Orange
Feedback
Music
Pop Music
The Beatles
Song
Album
Lyrics
Bands
Singers
Artist
Clip
Rock
Rap
Classical
Billboard
Country Music
Kpop
Taylor Swift
Music
Pop Music
The Beatles
Song
Album
Lyrics
Bands
Singers
Artist
Clip
Rock
Rap
Classical
Billboard
Country Music
Kpop
Taylor Swift
Random Quiz
Search Sporcle
×
Quiz Lab
Quiz Lab
Music
Album
Type in answers that appear in a list
Type in answers that appear in a list
Classic
Best Score? Go Orange.
Eric Church Songs Stats
Can you name the Eric Church Songs?
By
asucrutch23
5m
26 Questions
154 Plays
154 Plays
154 Plays
Comments
Comments
Give Quiz Kudos
Give Quiz Kudos
-
- Ratings
hide this ad
Replay
Link that replays current quiz
Next Quiz
Link to next quiz in quiz playlist
You Got
0%
They Got
Avg Score
59%
Avg Friend Score
Upgrade to see
Score Distribution
Jump to the score distribution portion of the page
Score
0/26
Timer
05:00
0
Plays Today
Album
Song
% Correct
Sinners Like Me
Sinners Like Me
92.9%
Carolina
Carolina
91.6%
Sinners Like Me
Guys Like Me
75.3%
Carolina
Love Your Love the Most
72.1%
Sinners Like Me
Two Pink Lines
68.8%
Sinners Like Me
Lightning
68.2%
Carolina
Hell on the Heart
67.5%
Carolina
Smoke a Little Smoke
66.2%
Sinners Like Me
How 'Bout You
65.6%
Sinners Like Me
These Boots
62.3%
Sinners Like Me
Before She Does
61.7%
Sinners Like Me
Pledge Allegiance to the Hag
59.7%
Sinners Like Me
What I Almost Was
57.1%
Album
Song
% Correct
Sinners Like Me
Livin' Part of Life
57.1%
Carolina
Lotta Boot Left to Fill
55.8%
Sinners Like Me
The Hard Way
54.5%
Carolina
Ain't Killed Me Yet
53.9%
Carolina
Those I've Loved
51.3%
Carolina
Young and Wild
50%
Sinners Like Me
Can't Take It with You
49.4%
Carolina
Longer Gone
48.1%
Carolina
Without You Here
45.5%
Carolina
Where She Told Me to Go
44.8%
Carolina
Leave My Willie Alone
44.2%
Carolina
You Make It Look So Easy
43.5%
(single only)
His Kind of Money (My Kind of Love)
32.5%
Quiz Playlist
Details
Report
Send in Message
Add To Playlist
Classic:
Type in answers that appear in a list
Last Updated: Feb 16, 2017
Quiz Scoreboard
CHALLENGE
Sign Up to Join the Scoreboard
Show All
Scores
Hide
Comments
May contain spoilers
Recently Published
1-10 Letter E Words III
by El_Dandy
Language
2m
Street Fighter Characters
by Artimus82
Gaming
60s
College Basketball Coaching Resumes
by pancakes188
Sports
9m
More to Explore
Quiz From the Vault
Featured Blog Post
Where Did the Easter Bunny Come From?
hide this ad
You Might Also Like...
Tags
Album Quiz
Church Quiz
Song Quiz
Eric
Eric Church
Today's Top Quizzes in Music
Browse Music
hide this ad
Today's Top Quizzes in Album
Browse Album
Top Contributed Quizzes in Music
1
Taylor Swift All Songs (2024)
2
Taylor Swift Logic Puzzle
3
Guess the Artist- 70s Songs
4
7-to-1: Billboard Hot 100 #1 Hits of 2010s
5
Sorting Albums and Songs
6
KPOP LOGIC QUIZ
7
Billboard Blitz: Aretha Franklin
8
Guess the Taylor Swift song (Mystery Song)
9
Guess The Taylor Swift Lyrics Song #1
10
Billboard Blitz: ABBA
Explore More
Trending Topics
Harry Potter
NBA
Marvel
Kpop
Anime
Crossword
Disney
The Office
Pokémon
Country
Song
Puzzle
WWE
NFL
Soccer
hide this ad
More By:
asucrutch23
Quiz
Plays
Rating
Category
Featured
Created
Top 50 Players of the 2010 World Cup
914
4.33
Sports
Mar 2, 2010
FBS Teams by Conference (Updated for 2017)
696
5.00
Sports
Aug 6, 2014
FBS Schools West to East
569
4.50
Sports
Feb 22, 2016
NCAA FCS (Formerly 1-AA) National Champs
228
3.00
Sports
Sep 29, 2009
Arizona Cardinals 2009 Roster
219
Sports
Oct 4, 2009
Go to Creator's Profile
Score Distribution
Quiz Creator Spotlight
asucrutch23
Follow
Send a Message
Quizzes Created
-
Created Quiz Play Count
-
More By This Creator
Popular Quizzes Today
1
Find the US States - No Outlines Minefield
2
Find the Countries of Europe - No Outlines Minefield
3
The Countries of the World
4
Find the US States
5
Risky Map Clicking: Biggest States A-Z
6
US States
7
Popular People in 1961
8
Movies - When Are They Set?
More Music Quizzes
Guess the Arctic Monkeys song from a picture
Quiz Lab
Trending Quizzes
Risky Map Clicking: Least Populous States A-Z
USA Borders Longest to Shortest
1-10 Letter G Words
1-10 Letter F Words
Countries of the World: 200 Million BC
Recently Updated
Leaping Animals
pecheneg
Reality TV Shows (A-Z)
bhenderson79
Rickey Henderson's Hall of Fame Teammates
pecheneg
Champions League XIs: Arsenal
pecheneg
Quick Pick: Celebrities in WWE's Hall of Fame
aduchscher
A-Z Keypad Blitz II
pecheneg
Multiple Oscar Actors
pecheneg
Mystery Phrase Blitz: Oscar 'Best Actors'
pecheneg
F. Scott Fitzgerald Novels
LTH
Pick 3 Villains
ddd62291
Trending Topics
Marvel
NBA
Crossword
Harry Potter
Anime
Disney
Kpop
Puzzle
Country
WWE
The Office
Pokémon
NFL
Soccer
Song
Your Account Isn't Verified!
In order to create a playlist on Sporcle, you need to verify the email address you used during registration. Go to your
Sporcle Settings
to finish the process.
Report this User
Report this user for behavior that violates our
Community Guidelines
.
Details:
Send Report
Go to the Sporcle.com Mobile Site →
Comments